000 00686nam a2200277 a 4500
003 AR-BaBNM
005 20251128205409.0
008 082120s2002 ||||||||||||||000 | spa||
020 _a84-7640-553-7
040 _cAR-BaBNM
100 1 _aSuazo Pascual, Guillermo
245 0 0 _aOrtografía práctica
250 _a2ª ed.
260 _aMadrid
_bEDAF
_c1992
300 _a191 p.
490 0 _aAutoaprendizaje
_vv. 1
650 4 _aORTOGRAFIA
650 4 _aACTIVIDADES DE APRENDIZAJE
650 4 _aFONOLOGIA
650 4 _aLINGÜISTICA
650 4 _aGRAMATICA
653 _aHISTORIA DE LA LENGUA
800 1 _aLama, Víctor de
_edirector
942 _cBK
998 _cMARTIN
999 _c11265
_d11265